| 000 | 00771nam a2200253 i 4500 | ||
|---|---|---|---|
| 001 | 000030722 | ||
| 003 | DO-SdBNP | ||
| 005 | 20240410152716.0 | ||
| 007 | ta | ||
| 008 | 110526s2010 dr a 000 0 spa d | ||
| 040 |
_aDO-SdBNP _bspa _cBNPHU _erda |
||
| 049 | _aBNPD | ||
| 082 | 4 |
_bG527 _222 |
|
| 100 | 1 |
_aGirón, Judith, _d1975- _957299 _eautora |
|
| 245 | 1 | 4 |
_aLas cebollas de Egipto / _cJudith Girón. |
| 260 |
_b[s.n.], _c2010. |
||
| 264 |
_aSanto Domingo : _beditor no identificado, _c2010. |
||
| 300 |
_a167 páginas : _bilustraciones ; _c21 cm. |
||
| 336 |
_2rdacontent _atexto _btxt |
||
| 337 |
_2rdamedia _asin mediación _bn |
||
| 338 |
_2rdacarrier _avolumen _bnc |
||
| 590 | _aLa biblioteca posee 3 ejemplares autografiados por el autor. | ||
| 942 |
_2ddc _cLBS1 |
||
| 999 |
_c30214 _d30214 |
||